[Event "FRA-ch U10"]
[Site "Le Grand Bornand"]
[Date "2007.04.??"]
[Round "5"]
[White "Kirk, Ezra"]
[Black "Brandt, Anatole"]
[Result "0-1"]
[WhiteElo "1830"]
[BlackElo "1710"]
[PlyCount "54"]
[EventDate "2007.04.07"]
[EventType "swiss"]
[EventRounds "9"]
[EventCountry "FRA"]
[SourceTitle "CBM 118 Extra"]
[Source "ChessBase"]
[SourceDate "2007.07.04"]
[SourceVersion "1"]
[SourceVersionDate "2007.07.04"]
[SourceQuality "1"]

1. Nf3 Nf6 2. c4 g6 3. g3 Bg7 4. Bg2 0-0 5. 0-0 d6 6. Nc3 Nbd7 7. d4 c6 8. e4 e5 9. b3 Re8 10. Bb2 exd4 11. Nxd4 Nc5 12. Re1 a5 13. Qc2 Qc7 14. Rad1 Bg4 15. f3 Bd7 16. f4 Rad8 17. a3 Bg4 18. Nf3 Qb6 19. b4 axb4 20. axb4 Qxb4 21. Na2 Qb3 22. Qxb3 Nxb3 23. e5 dxe5 24. Bxe5 Nh5 25. Bxg7 Nxg7 26. Rxe8+ Rxe8 27. Rd7 Bxd7 0-1